000 01157nam a22002057a 4500
999 _c59731
_d59731
003 Ge_BSU
005 20230407150134.0
008 230407s2003 ge ||||| |||| 00| 0 geo d
041 _ageo
080 _a94(3)(063) ძ-49
245 _aძველი ისტორია :
_b [კრებული]. კრ. 3 /
_cრედ. გ. ქავთარია ; თსუ-ს ძვ. მსოფლიოს ისტ. კათედრა.
264 _aთბილისი :
_bთბილ. უნ-ტის გამ-ბა,
_c2003.
300 _a115 გვ.;
_b20 სმ.
500 _aგაშლილი თავფურც. რუსულ და ინგლ. ენაზე
520 _aსტატიის ბოლოს რეზ. ინგლ.
653 _aძველი მსოფლიოს ისტორია
700 _aქავთარია, გ.
_eრედაქტორი
_917549
710 _aთბილისის სახელმწიფო უნივერსიტეტი.
_bძველი მსოფლიოს ისტორიის კათედრა.
_917550
942 _2udc
_cBK